000
00259nam a2200109Ia 4500
008
190216s9999||||xx |||||||||||||| ||und||
100
_a
Khanna B S
245
0
_a
Advanced Practical Cost Accounting
260
_b
S Chand & Co
_c
1989
300
_a
727p
942
_c
BK
999
_c
5430
_d
5430